Sports Quiz

Random Sports or Hockey Quiz

Trophies and Awards 2 (pics) Quiz Stats

 Plays Quiz not verified by Sporcle

Challenge
Share
Tweet
Score 0/15 Timer 07:00
1 Play Today
No. Trophy % Correct
8.Stanley Cup
92.6%
12.Art Ross Trophy
35.3%
11.Conn Smythe Trophy
32.4%
7.President's Trophy
29.4%
10.Hart Memorial Trophy
27.9%
3.Prince of Wales Trophy
17.6%
14.Calder Memorial trophy
17.6%
1.Lady Byng Memorial Trophy
14.7%
No. Trophy % Correct
9.Frank J. Selke Trophy
14.7%
13.Ted Lindsay Award
14.7%
2.Jack Adams Award
13.2%
6.Bill Masterton memorial Trophy
11.8%
15.James Norris Memorial Trophy
11.8%
4.William M. Jennings Trophy
10.3%
5.Clarence S. Campbell Bowl
5.9%

You're not logged in!

Compare scores with friends on all Sporcle quizzes.
OR
Log In

You Might Also Like...

Show Comments

Extras

Top Quizzes Today


Score Distribution

Your Account Isn't Verified!

In order to create a playlist on Sporcle, you need to verify the email address you used during registration. Go to your Sporcle Settings to finish the process.

Report this User

Report this user for behavior that violates our Community Guidelines.

Details: